| 000 | 03550nam a2200493 i 4500 | ||
|---|---|---|---|
| 001 | xb26902801 | ||
| 006 | m d | ||
| 007 | cr n | ||
| 008 | 190305t20192019enkb s 000 0 eng d | ||
| 020 |
_a9781783746576 _q(pdf) |
||
| 020 |
_a9781783746583 _q(epub) |
||
| 020 |
_a9781783746590 _q(mobi) |
||
| 020 |
_a9781783746675 _q(XML) |
||
| 020 | _z9781783746552 (Paperback) | ||
| 020 | _z9781783746569 (Hardback) | ||
| 022 | _a2054-2178 (Online) | ||
| 022 | _z2054-216X (Print) | ||
| 040 |
_aStSaUL _beng _erda |
||
| 041 | 1 |
_aeng _hger _aeng |
|
| 100 | 1 |
_aHölderlin, Friedrich, _d1770-1843, _eauthor. |
|
| 240 | 1 | 0 |
_aHyperion. _lEnglish. _f2019 |
| 245 | 0 | 0 |
_aHyperion, or the hermit in Greece _h[electronic resource] / _cby Friedrich Hölderlin ; translated and with an afterword by Howard Gaskill. |
| 264 | 1 | _bOpen Book Publishers, | |
| 300 |
_a1 online resource (234 pages) : _b1 map. |
||
| 490 | 1 |
_aOpen Book classics series _x2054-2178 ; _vvol. 10 |
|
| 500 | _aAvailable through Open Book Publishers. | ||
| 505 | 0 | _aHyperion, or the Hermit in Greece. Volume One. Foreword ; Book One ; Book Two -- Volume Two. Book One ; Book Two -- Afterword -- Acknowledgments -- Appendix A -- Appendix B -- Appendix C -- Index of Proper Names. | |
| 506 | _aOpen access resource providing free access. | ||
| 520 | _a"Friedrich Hölderlin's only novel, Hyperion (1797-99), is a fictional epistolary autobiography that juxtaposes narration with critical reflection. Returning to Greece after German exile, following his part in the abortive uprising against the occupying Turks (1770), and his failure as both a lover and a revolutionary, Hyperion assumes a hermitic existence, during which he writes his letters. Confronting and commenting on his own past, with all its joy and grief, the narrator undergoes a transformation that culminates in the realisation of his true vocation. Though Hölderlin is now established as a great lyric poet, recognition of his novel as a supreme achievement of European Romanticism has been belated in the Anglophone world. Incorporating the aesthetic evangelism that is a characteristic feature of the age, Hyperion preaches a message of redemption through beauty. The resolution of the contradictions and antinomies raised in the novel is found in the act of articulation itself. To a degree remarkable in a prose work of any length, what it means is inseparable from how it means. In this skilful translation, Gaskill conveys the beautiful music and rhythms of Hölderlin's language to an English-speaking reader."--Publisher's website. | ||
| 538 | _aMode of access: World Wide Web. | ||
| 540 | _aThe text of this work is licensed under a Creative Commons Attribution 4.0 International license (CC BY 4.0). For more detailed information consult the publisher's website. | ||
| 546 | _aText translated from the German. | ||
| 600 | 1 | 0 |
_aHölderlin, Friedrich, _d1770-1843 _xCriticism and interpretation. |
| 600 | 1 | 0 |
_aHölderlin, Friedrich, _d1770-1843. _tHyperion. |
| 700 | 1 |
_aGaskill, Howard, _etranslator, _ewriter of afterword, _etranslator. |
|
| 710 | 2 |
_aOpen Book Publishers, _epublisher. |
|
| 830 | 0 |
_aOpen Book classics ; _vv. 10. _x2054-2178 |
|
| 856 | 4 | 0 |
_uhttp://doi.org/10.11647/OBP.0160 _zConnect to e-book |
| 856 | 4 | 2 |
_uhttp://www.openbookpublishers.com/shopimages/products/cover/941 _zConnect to cover image |
| 999 |
_c29140 _d29140 |
||